| 000 | 00487pab a2200181 454500 | ||
|---|---|---|---|
| 008 | 180718b2011 xxu||||| |||| 00| 0 eng d | ||
| 100 | _aGang, Ira N. | ||
| 245 | _aWas the Mandal Commission right? Differences in living standards between social groups | ||
| 260 | _c2011 | ||
| 300 | _ap.43-51. | ||
| 362 | _a24 Sep | ||
| 650 | _aStandard of living | ||
| 700 | _aYun, Myeong-Su | ||
| 700 | _aSen, Kunal | ||
| 773 | _aEconomic and Political Weekly | ||
| 908 | _aN | ||
| 909 | _a93374 | ||
| 999 |
_c93374 _d93374 |
||